000 01634cam a22004694i 4500
003 PE-LiUPU
005 20250731172957.0
008 150623s1998 nyu rb 000 0 eng d
020 _a038546892X
035 _a(Sirsi) i9780385468923
040 _aPE-LiUPU
_bspa
_cPE-LiUPU
_erda
049 _aPRUA
082 0 4 _a220.7
_bAB1998
_221
100 1 _aHill, Andrew E.,
_eautor.
245 1 0 _aMalachi :
_ba new translation with introduction and commentary.
_n25D /
_cAndrew E. Hill.
264 1 _aNew York, N.Y. :
_bThe Anchor Bible Published, Doubleday,
_c1998.
300 _a436 páginas ;
_c25 centímetros.
336 _atext
_2rdacontent
337 _aunmediated
_2rdamedia
338 _avolume
_2rdacarrier
490 0 _aThe Anchor Bible ;
_v25D
504 _aIncluye bibliografía.
505 0 _aIntroduction -- Bibliography -- Translation, notes, and comments -- Appendixes.
526 _aSEG42
526 _aSEG41
526 _aSEG40
526 _aSEG39
526 _aP94
526 _aP87
526 _aP86
526 _aP85
526 _aP77
526 _aP76
526 _aP35
630 _aBiblia.
_pA.T.
_pSofonías
_xComentarios.
942 _2ddc
_cBOOK
949 _a220.7 AB 25D 1998
_wDEWEY
_c1
_i45364
_lCCODEBUL1
_mBUL
_r0
_sY
_tBOOK
_u2015-6-24
_xTEOLOGIA
_PP35
_0COMPRA
_o.STAFF. Colección General
994 _aC0
_bPEPRU
596 _a1
999 _a220.7 AB 25D 1998
_wDEWEY
_c22228
_i45364
_d22228
_e2017-5-9
_f2021-11-9
_g5
_lCCODEBUL1
_mBUL
_n1
_p27.75
_q1
_r0
_sY
_tBOOK
_u2015-6-24
_xTEOLOGIA
_PP35
_0COMPRA
_o.STAFF. Colección Teología
980 _81
_gALBERTO SANCHEZ Responsable de Automatización